| 000 | 01057nam a2200313 i 4500 | ||
|---|---|---|---|
| 003 | CO-BoRNBP | ||
| 005 | 20240802114010.0 | ||
| 007 | ta | ||
| 008 | 141112s2002 ck a r 000 u spa d | ||
| 020 | _a7706894112388 | ||
| 040 |
_aCO-BoRNBP _bspa _cCO-BoRNBP _drda |
||
| 041 | 1 |
_aspa _heng |
|
| 084 | _aC BUR | ||
| 100 | 1 |
_aBurgess, Melvin _eautor _d1954 - _941983 |
|
| 245 | 1 | 3 |
_aEl fantasma tras la pared _cMelvin Burgess; traducción, Juan Manuel Pombo; Ilustraciones, María Osorio |
| 250 | _aPrimera edición | ||
| 264 | 1 |
_aBogotá, Colombia _bEditorial Norma _c2002 |
|
| 264 | 4 | _c©2002 | |
| 300 |
_a192 páginas _bilustraciones en blanco y negro _calto 19cm ancho 11cm |
||
| 336 |
_2rdacontent _atexto _btxt |
||
| 337 |
_2rdamedia _asin mediación _bn |
||
| 338 |
_2rdacarrier _avolumen _bnc |
||
| 490 | _aColección Torre de Papel. Torre azul | ||
| 650 | 1 | 4 |
_aLiteratura infantil _2LEMB _92746 |
| 650 | 1 | 7 |
_aCuentos infantiles ingleses _2LEMB _915884 |
| 650 | 1 | 7 |
_acuentos ingleses _2LEMB |
| 650 | 1 |
_afantasmas _2LEMB _941984 |
|
| 942 |
_2ddc _cBKINF |
||
| 999 |
_c38275 _d38275 |
||